000 00268nam a22001097a 4500
008 170111b xxu||||| |||| 00| 0 eng d
020 _a9780397548620
041 _aeng
080 _a618.2
245 _aMATERNAL AND CHILD HEALTH NURSING
_cPILLLITTERI, A
942 _2udc
_cBK
999 _c2729
_d2729